| 000 | 00728nam a2200241 a 4500 | ||
|---|---|---|---|
| 001 | 000037448 | ||
| 003 | DO-SdBNP | ||
| 005 | 20230404085520.0 | ||
| 007 | ta | ||
| 008 | 100205s2009 dr 000 0 spa d | ||
| 040 |
_aDO-SdBNP _bspa _cBNPHU |
||
| 041 | _heng | ||
| 082 | 4 |
_a346.07 _bP387d 2009 _222 |
|
| 110 | 1 |
_983232 _aPellerano y Herrera Abogados |
|
| 245 | 1 | 0 | _aDoing business in the Dominican Republic / |
| 260 |
_aSanto Domingo : _bPellerano & Herrera, _c2009. |
||
| 300 |
_a61 p. ; _c28 cm. |
||
| 590 | _aInventariado 2023/MAA | ||
| 650 | 4 |
_aDerecho comercial _xRepública Dominicana _983233 |
|
| 650 | 4 |
_aNegocios _xRepública Dominicana _983234 |
|
| 910 | _aValidado. Control de calidad. MAA | ||
| 942 |
_2ddc _cLBS1 |
||
| 999 |
_c36938 _d36938 |
||